000 01617cam a22004338i 4500
001 20628143
005 20220923155213.0
008 180813s2018 mau b 001 0 eng
010 _a 2018037001
020 _a9781786394132 (Hardback)
020 _z9781786394156 (ePub)
020 _z9781786394149 (ePDF)
040 _aDLC
_beng
_cDLC
_erda
042 _apcc
050 0 0 _aG155.I723
_bI75 2018
082 0 0 _a338.4791
_bISL
130 0 _aIslamic tourism (C.A.B. International)
_999003
245 1 0 _aIslamic tourism :
_bmanagement of travel destinations /
_cedited by Ahmad Jamal, University of Cardiff; Razaq Raj, Leeds Beckett University; and Kevin Griffin, Dublin Institute of Technology, Ireland.
263 _a1812
264 1 _aBoston, Massachusetts :
_bCABI,
_c[2018]
264 4 _c© 2019.
300 _apages cm.
336 _atext
_btxt
_2rdacontent
337 _aunmediated
_bn
_2rdamedia
338 _avolume
_bnc
_2rdacarrier
490 0 _aCABI religious tourism and pilgrimage series
504 _aIncludes bibliographical references and index.
650 0 _aTourism
_zIslamic countries.
_999004
650 0 _aTourism
_xReligious aspects
_xIslam.
_999005
650 0 _aSacred spaces
_xManagement.
_999006
650 0 _aPilgrims and pilgrimages.
_999007
650 0 _aMuslim travelers.
_999008
700 1 _aJamal, Ahmad,
_d1965-
_eeditor.
_999009
700 1 _aRaj, Razaq,
_eeditor.
_999010
700 1 _aGriffin, Kevin A.,
_eeditor.
_999011
906 _a7
_bcbc
_corignew
_d1
_eecip
_f20
_gy-gencatlg
942 _2ddc
_cBK
999 _c591444
_d591444